| 000 | 00712nam a2200241 a 4500 | ||
|---|---|---|---|
| 005 | 20150423151521.0 | ||
| 008 | 020822s2002 ii a b 001 0 eng | ||
| 010 | _aENG-112370 | ||
| 020 |
_a9788171772865 _c1800.00 |
||
| 035 | _aEN-95902 | ||
| 037 | _bDBAD / PUB | ||
| 040 |
_adpl _bEnglish |
||
| 082 | _a345.54 | ||
| 100 | _aSaha, A.N. | ||
| 245 |
_aA.N. Saha criminal reference / _cby A.N. Saha |
||
| 250 | _a7th ed by Sukumar Ray | ||
| 260 |
_aKolkatta _bEastern Law House _c2014 |
||
| 270 |
_a54, Ganesh Chunder Avenue, _bKolkatta _e700013 |
||
| 300 |
_a8,1966p. _c25cm(Hb) |
||
| 500 | _aIncludes index | ||
| 650 |
_aCriminal law _zIndia |
||
| 942 |
_2ddc _cEN _mSAH _h345.54 |
||
| 999 |
_c92227 _d92227 |
||